000 00807nam a2200229 a 4500
001 BRCA_9043
005 20190320210514.0
008 250817s201u----mx-a######---#000-0#spa-#
041 _aspaeng
044 _amx
050 4 _aNK7198
_b.C65 2016
245 1 0 _aColección arte en plata = Art - Silver Collection.
260 _a[México]
_bTANE
_c[2016?]
300 _a97 p.
_bil. (algunas a color)
_c25 cm.
500 _aIncluye biografía de los artistas
505 0 _aContenido : Arte objeto = Objets D´Art. -- Arte utilitario = Utilitarian Art. -- Arte joya = Art Jewelry. -- Trofeos y tributos = Trophies and Awards
546 _aTexto en : español e inglés
650 1 4 _aOrfebrería
_zMéxico
_922412
650 1 4 _aPlatería
_zMéxico
_93073
740 0 _aArt - Silver Collection
942 _2lcc
_cB
999 _c8693
_d8693